VII Encuentro Internacional de Poesía "Ciudad de Cabra" : (Record no. 196305)

MARC details
000 -LEADER
campo de control de longitud fija 01531nam a22003735i 4500
001 - NÚMERO DE CONTROL
campo de control 196305
003 - IDENTIFICADOR DE NÚMERO DE CONTROL
campo de control SpMaBN
005 - FECHA Y HORA DE LA ÚLTIMA TRANSACCIÓN
campo de control 20240908063126.0
007 - CAMPO FIJO DE DESCRIPCIÓN FÍSICA--INFORMACIÓN GENERAL
campo de control de longitud fija ta
008 - DATOS DE LONGITUD FIJA--INFORMACIÓN GENERAL
campo de control de longitud fija 240906s2023 sp | |||| 000 pdspa
017 ## - NÚMERO DE COPYRIGHT O DE DEPÓSITO LEGAL
Número de copyright o de depósito legal CO 1391-2023
Agencia que asigna Oficina Depósito Legal Córdoba
035 ## - NÚMERO DE CONTROL DEL SISTEMA
Número de control de sistema a7037405
040 ## - FUENTE DE CATALOGACIÓN
Centro catalogador/agencia de origen ES-MaACL
Lengua de catalogación spa
Centro/agencia transcriptor ES-MaACL
080 ## - NÚMERO DE LA CLASIFICACIÓN DECIMAL UNIVERSAL
Número de la Clasificación Decimal Universal 82-14"19/20"(082.2)
245 00 - MENCIÓN DEL TÍTULO
Título VII Encuentro Internacional de Poesía "Ciudad de Cabra" :
Resto del título del 13 al 15 de octubre de 2023 /
Mención de responsabilidad, etc. varios autores.
246 0# - FORMA VARIANTE DEL TITULO
Texto de visualización Subtítulo de la cubierta :
Título propio/Titulo breve Antología poética
250 ## - MENCION DE EDICION
Mención de edición 1ª edición, 2023
264 #1 - PRODUCCIÓN, PUBLICACIÓN, DISTRIBUCIÓN, FABRICACIÓN Y COPYRIGHT
Producción, publicación, distribución, fabricación y copyright Cabra :
Nombre del de productor, editor, distribuidor, fabricante Arte Ahora,
Fecha de producción, publicación, distribución, fabricación o copyright 2023
300 ## - DESCRIPCIÓN FÍSICA
Extensión 313 páginas ;
Dimensiones 21 cm
336 ## - TIPO DE CONTENIDO
Término de tipo de contenido Texto
Fuente rdacontent
337 ## - TIPO DE MEDIO
Nombre/término del tipo de medio sin mediación
Fuente rdamedia
338 ## - TIPO DE SOPORTE
Nombre/término del tipo de soporte volumen
Fuente rdacarrier
500 ## - NOTA GENERAL
Nota general "Cabra, un viaje a la cuna de la poesía"
650 #4 - PUNTO DE ACCESO ADICIONAL DE MATERIA--TÉRMINO DE MATERIA
Término de materia o nombre geográfico como elemento de entrada Poesía-
Subdivisión cronológica S.XX-
Fuente del encabezamiento o término embne
9 (RLIN) 16156
Subdivisión general Historia y crítica
650 #7 - PUNTO DE ACCESO ADICIONAL DE MATERIA--TÉRMINO DE MATERIA
Término de materia o nombre geográfico como elemento de entrada Poesía-
Subdivisión cronológica S.XXI
9 (RLIN) 147673
655 #0 - TERMINO DE INDIZACIÓN--GENERO/FORMA
Datos o término principal de género/forma Antologías
Fuente del término tgfbne
9 (RLIN) 176540
655 #7 - TERMINO DE INDIZACIÓN--GENERO/FORMA
Datos o término principal de género/forma Poesías
Fuente del término tgfbne
9 (RLIN) 176539
852 ## - LOCALIZACIÓN
Ubicación ES-MaACL
Sublocalización o colección R.154838
Ubicación en estantería Depósito J
Número de control de estantería N-9726
Donativo/Legado Donación: Ana María López Expósito
itemnumber 204023
Anotaciones manuscritas Dedicatoria autógrafa de la autora
Encuadernación Encuadernación rústica con solapas
Nota libre Ítem y biblionumer duplicado con el N-9698, modificado a lápiz en el ejemplar
903 ## - NOMBRE PERSONAL DE DONANTE
a López Expósito, Ana María
e Donante
9 176562
942 ## - ELEMENTOS DE ENTRADA SECUNDARIOS (KOHA)
Suprimir en OPAC No
Tipo de ítem Koha Libro impreso
Holdings
Estatus retirado Estado de pérdida Fuente del sistema de clasificación o colocación Estado de daño No para préstamo Colección Biblioteca de origen Biblioteca actual Ubicación en estantería Fecha de adquisición Fuente de adquisición Número de inventario Número de control de estantería Total de préstamos Signatura topográfica completa Visto por última vez Precio de reemplazo Tipo de ítem Koha
    Clasificación decimal universal     Libros con dedicatorias Biblioteca del Ateneo de Madrid Biblioteca del Ateneo de Madrid Depósito J 16/11/2023 Donación R. 154838 Ateneísta   N-9726 06/09/2024 06/09/2024 Libro impreso